ARRUPE JESUIT UNIVERSITY

CORONAVIRUS -STOP THE SPREAD - CLEAN,DISINFECT,COVER

Annuario pontificio (Record no. 123429)

MARC details
000 -LEADER
fixed length control field 00454nam a22001457a 4500
005 - DATE AND TIME OF LATEST TRANSACTION
control field 20150923075608.0
008 - FIXED-LENGTH DATA ELEMENTS--GENERAL INFORMATION
fixed length control field 150921b xxu||||| |||| 00| 0 eng d
050 ## - LIBRARY OF CONGRESS CALL NUMBER
Classification number REF BX845.
Item number A25 1994
245 ## - TITLE STATEMENT
Title Annuario pontificio
Remainder of title per l'anno
Statement of responsibility, etc by CATHOLIC CHURCH
260 ## - PUBLICATION, DISTRIBUTION, ETC. (IMPRINT)
Place of publication, distribution, etc Vaticana
Name of publisher, distributor, etc Citta del V ticano
Date of publication, distribution, etc 1994
300 ## - PHYSICAL DESCRIPTION
Extent 2362p.;
Dimensions 14cm.
610 ## - SUBJECT ADDED ENTRY--CORPORATE NAME
Corporate name or jurisdiction name as entry element Catholic church
General subdivision directories
9 (RLIN) 19968
710 ## - ADDED ENTRY--CORPORATE NAME
Corporate name or jurisdiction name as entry element CATHOLIC CHURCH
9 (RLIN) 19994
942 ## - ADDED ENTRY ELEMENTS (KOHA)
Source of classification or shelving scheme Library of Congress Classification
Item type REFERENCE
Holdings
Withdrawn status Lost status Source of classification or shelving scheme Damaged status Not for loan Collection code Home library Current library Shelving location Date acquired Total Checkouts Full call number Barcode Date last seen Price effective from Koha item type
    Library of Congress Classification     Main Collection ARRUPE LIBRARY ARRUPE LIBRARY Main Collection 21/09/2015   REF BX845.A25 1994 46500005413 21/09/2015 21/09/2015 REFERENCE

 

Arrupe Library. PO Box MP320 Mt Pleasant, Harare, Zimbabwe
263 242 745411|librarian@aju.ac.zw